[Event "Druzynowe Mistrzostwa Polski Juniorow 2018 - II Liga"]
[Site "Szczyrk"]
[Date "1899-12-30"]
[Round "4.19"]
[White "Norek, Bartosz"]
[Black "Kawalko, Adam"]
[Result "1-0"]
[WhiteTitle "I"]
[BlackTitle "I"]
[WhiteElo "1784"]
[BlackElo "1751"]

1. e4 c5 2. Nf3 d6 3. d4 cxd4 4. Nxd4 Nf6 5. Nc3 a6 6. Bc4 e6 7. Bb3 Nbd7 8. O-O
Nc5 9. Qf3 Be7 10. Be3 b5 11. Nc6 Qc7 12. Nxe7 Qxe7 13. e5 Nd5 14. Nxd5 exd5 15.
Bxd5 Bb7 16. exd6 Bxd5 17. Qxd5 1-0

[Event "Druzynowe Mistrzostwa Polski Juniorow 2018 - II Liga"]
[Site "Szczyrk"]
[Date "1899-12-30"]
[Round "4.20"]
[White "Dytman, Radoslaw"]
[Black "Hryn, Zofia"]
[Result "1-0"]
[WhiteTitle "I"]
[BlackTitle "I++"]
[WhiteElo "1728"]
[BlackElo "1668"]

1. e4 e5 2. Nf3 Nc6 3. Bc4 Nf6 4. d3 Be7 5. O-O O-O 6. c3 a6 7. Nbd2 d6 8. Re1
Bg4 9. h3 Bh5 10. Nf1 Na5 11. Bb3 Nxb3 12. axb3 Re8 13. g4 Bg6 14. Ng3 Qc8 15.
Nh4 h6 16. Nhf5 Bxf5 17. Nxf5 Nh7 18. f4 exf4 19. Bxf4 Ng5 20. Kg2 Bf6 21. Qd2
Qe6 22. h4 Nh7 23. g5 hxg5 24. hxg5 Bxg5 25. Rh1 Qg6 26. Kf2 d5 27. Qe3 dxe4 28.
dxe4 Bxf4 29. Qxf4 Ng5 30. Rae1 f6 31. Rh4 Re5 32. Qxe5 fxe5 33. Ne7+ Kf7 34.
Nxg6 Kxg6 35. Ke3 Kf6 36. Rf1+ Ke6 37. Rg4 1-0

[Event "Druzynowe Mistrzostwa Polski Juniorow 2018 - II Liga"]
[Site "Szczyrk"]
[Date "1899-12-30"]
[Round "4.21"]
[White "Wielgus, Wojciech"]
[Black "Nowak, Filip"]
[Result "1/2-1/2"]
[WhiteTitle "I"]
[BlackTitle "II+"]
[WhiteElo "1652"]
[BlackElo "1595"]

1. e4 c5 2. Nf3 e6 3. b3 d5 4. exd5 exd5 5. Bb2 Nf6 6. Bb5+ Bd7 7. Qe2+ Qe7 8.
Bxf6 Qxe2+ 9. Bxe2 gxf6 10. d4 b6 11. dxc5 bxc5 12. Nc3 Be6 13. Bb5+ Nd7 14. Bc6
Rc8 15. Bxd5 c4 16. Bxe6 fxe6 17. Ne4 cxb3 18. cxb3 Bb4+ 19. Ned2 Rc2 20. Ke2
Kf7 21. Rhd1 e5 22. Ne1 Rxd2+ 23. Rxd2 Bxd2 24. Kxd2 Nc5 25. Rc1 Rd8+ 26. Ke2
Ne6 27. g3 Nd4+ 28. Ke3 Nf5+ 29. Ke2 Nd4+ 30. Kf1 Kg6 31. h4 Rd5 32. Kg2 Ra5 33.
Rc3 Rxa2 34. Nf3 Ne2 35. Rc7 e4 36. Ng1 Nd4 37. Re7 Nxb3 38. Rxe4 a5 39. Nf3 a4
40. Nd4 Nc5 41. Re3 Ra1 42. Nc2 Ra2 43. Nd4 Na6 44. Nb5 Nb4 45. Ra3 Rxa3 46. Nxa3
f5 47. Kf3 Kf6 48. Ke3 Ke5 49. Nc4+ Ke6 50. Na3 Ke5 51. Nc4+ Ke6 52. Na3 1/2-1/2

[Event "Druzynowe Mistrzostwa Polski Juniorow 2018 - II Liga"]
[Site "Szczyrk"]
[Date "1899-12-30"]
[Round "4.22"]
[White "Jaworski, Tymon"]
[Black "Warchol, Kamil"]
[Result "0-1"]
[WhiteTitle "II"]
[BlackTitle "CM"]
[WhiteElo "1386"]
[BlackElo "1540"]

1. e4 e5 2. Nf3 Nc6 3. d4 exd4 4. Nxd4 Qf6 5. Be3 Bc5 6. c3 Nge7 7. Bc4 Ne5 8.
Be2 d6 9. O-O O-O 10. Nd2 Qg6 11. Bh5 Qf6 12. f4 N5g6 13. N2f3 Nc6 14. Kh1 Re8
15. f5 Qe7 16. Nxc6 bxc6 17. fxg6 hxg6 18. Nd4 gxh5 19. Qxh5 Bd7 20. Rf4 g6 21.
Qh6 Qf8 22. Rh4 Qxh6 23. Bxh6 Re5 24. Nf3 Rh5 25. Rxh5 gxh5 26. e5 Re8 27. Re1
Bg4 28. Bf4 Bxf3 29. gxf3 Re6 0-1

[Event "Druzynowe Mistrzostwa Polski Juniorow 2018 - II Liga"]
[Site "Szczyrk"]
[Date "1899-12-30"]
[Round "4.23"]
[White "Hryn, Aleksandra"]
[Black "Krzyzosiak, Anna"]
[Result "1-0"]
[WhiteTitle "I"]
[BlackTitle "I+"]
[WhiteElo "1643"]
[BlackElo "1552"]

1. e4 e5 2. Nf3 Nc6 3. Bb5 a6 4. Ba4 Nf6 5. O-O Be7 6. Re1 b5 7. Bb3 d6 8. c3 O-O
9. h3 Na5 10. Bc2 c5 11. d4 Qc7 12. Nbd2 Nc6 13. d5 Nd8 14. Nf1 Ne8 15. Ng3 g6
16. Nh2 Ng7 17. Bh6 f6 18. f4 Nf7 19. Bxg7 Kxg7 20. f5 c4 21. Kh1 Bd7 22. Nf3
Nh6 23. Rf1 Qc5 24. Qd2 Rg8 25. Nh2 a5 26. a3 Rab8 27. Bd1 b4 28. Ng4 Nxg4 29.
Bxg4 bxc3 30. bxc3 g5 31. Nh5+ Kf7 32. Bd1 h6 33. Qe2 Be8 34. Ng3 Kf8 35. a4 Rb7
36. Kh2 Bd8 37. Qa2 Rh7 38. Nh5 Bxh5 39. Bxh5 Rb7 40. Rab1 Rgg7 41. Be2 Rxb1 42.
Rxb1 Rc7 43. Qb2 Rc8 44. Bh5 Ke7 45. Qb5 Qxb5 46. Rxb5 Kd7 47. Be2 Ke8 48. Rb7
Rc7 49. Rb5 Rc8 50. Kg3 Kf8 51. Kg4 Kg8 52. Kh5 Kg7 53. Rb7+ Rc7 54. Rb8 Be7 55.
Rb5 Rc5 56. Rb7 Kf7 57. Kxh6 Rc8 58. Bh5+ Kf8 59. Bg6 Bd8 60. Rf7+ Kg8 61. Rb7
Kf8 62. Kh5 Rc7 63. Rb8 Ke7 64. Kg4 Rc5 65. g3 Kd7 66. h4 gxh4 67. gxh4 Rc8 68.
Rb2 Bc7 69. h5 Rh8 70. Kf3 Ke7 71. Ke3 Kd7 72. Kd2 Ke7 73. Kc2 Kd7 74. Rb1 Ke7
75. Rh1 Rh6 76. Rh2 Kd7 77. Bf7 Ke7 78. Be6 Bb6 79. Bc8 Bd8 80. Ba6 Bb6 81. Bxc4
Kd7 82. Be2 Kc7 83. Rg2 Rh7 84. Rg6 Rf7 85. h6 Kd8 86. Rg7 Ke8 87. Bh5 1-0

[Event "Druzynowe Mistrzostwa Polski Juniorow 2018 - II Liga"]
[Site "Szczyrk"]
[Date "1899-12-30"]
[Round "4.24"]
[White "Krzyzosiak, Marta"]
[Black "Kieca, Aleksandra"]
[Result "1-0"]
[WhiteTitle "I"]
[BlackTitle "I"]
[WhiteElo "1579"]
[BlackElo "1458"]

1. e4 c5 2. Nf3 e6 3. d4 cxd4 4. Nxd4 a6 5. Nc3 b5 6. a3 Bb7 7. Be2 Qc7 8. O-O
Nf6 9. Bf3 Be7 10. g3 O-O 11. Bg2 d6 12. Be3 Nbd7 13. Nb3 Rac8 14. Qe2 Ne5 15.
Nd2 Rfd8 16. f4 Ned7 17. Rad1 Qb8 18. f5 e5 19. g4 h6 20. g5 hxg5 21. Bxg5 Re8
22. h4 Qa7+ 23. Kh1 Kh7 24. Bf3 Rh8 25. Rg1 Kg8 26. Kg2 Kf8 27. Kf1 Ba8 28. h5
Rb8 29. Qg2 Ke8 30. Nb3 Bf8 31. Rh1 a5 32. Qe2 b4 33. axb4 axb4 34. Be3 Qb7 35.
Nd5 Nxd5 36. Rxd5 Nf6 37. Ra5 Nxe4 38. Kg2 Qc8 39. Rxa8 Rxa8 40. Bxe4 Ra2 41.
Qb5+ Ke7 42. Qxb4 Qa6 43. Kf3 f6 44. Qc3 Kd7 45. Rd1 Kd8 46. Nc5 Qc8 47. Ne6+
Kd7 48. Qb3 Ra5 49. Qb6 Ra2 50. Bb7 Qc4 51. Qd8# 1-0

[Event "Druzynowe Mistrzostwa Polski Juniorow 2018 - II Liga"]
[Site "Szczyrk"]
[Date "1899-12-30"]
[Round "4.25"]
[White "Hrymowicz, Artur"]
[Black "Kawaler, Adam"]
[Result "1/2-1/2"]
[WhiteTitle "I++"]
[BlackTitle "I"]
[WhiteElo "2123"]
[BlackElo "1811"]

1. e4 e6 2. d4 d5 3. Nd2 dxe4 4. Nxe4 Nd7 5. Nf3 Ngf6 6. Nxf6+ Nxf6 7. Bd3 c5 8.
Be3 cxd4 9. Bxd4 Be7 10. Qe2 O-O 11. O-O-O Qa5 12. Kb1 Rd8 13. c3 Bd7 14. Ne5
Be8 15. g4 b5 16. g5 Nd5 17. Qe4 g6 18. h4 b4 19. c4 Nc3+ 20. bxc3 bxc3 21. Ka1
Ba3 22. Bc2 Rab8 23. Bb3 Rxb3 24. axb3 Bc1+ 25. Kb1 Qa3 26. Bxc3 Qxb3+ 27. Kxc1
Qxc3+ 28. Qc2 Qa1+ 29. Qb1 Qc3+ 30. Qc2 Qa1+ 31. Qb1 1/2-1/2

[Event "Druzynowe Mistrzostwa Polski Juniorow 2018 - II Liga"]
[Site "Szczyrk"]
[Date "1899-12-30"]
[Round "4.26"]
[White "Strugarek, Lukasz"]
[Black "Jordan, Adam"]
[Result "0-1"]
[WhiteTitle "II"]
[BlackTitle "I"]
[WhiteElo "1624"]
[BlackElo "1830"]

1. e4 c6 2. Nc3 d5 3. Nf3 dxe4 4. Nxe4 Nd7 5. Bc4 Ngf6 6. Neg5 e6 7. Qe2 Nb6 8.
Ne5 Qc7 9. Bb3 Be7 10. Nexf7 Rf8 11. Nxe6 Bxe6 12. Bxe6 Rxf7 13. Bxf7+ Kxf7 14.
d3 Re8 15. Be3 Nbd5 16. O-O-O Qa5 17. a3 Bxa3 18. c4 Nc3 19. Qe1 Bb4 20. Rd2 Qa1+
21. Kc2 Qa4+ 22. Kc1 Na2+ 23. Kb1 Bxd2 24. Qxd2 Nb4 0-1

[Event "Druzynowe Mistrzostwa Polski Juniorow 2018 - II Liga"]
[Site "Szczyrk"]
[Date "1899-12-30"]
[Round "4.27"]
[White "Kozlowski, Michal"]
[Black "Kebel, Bartosz"]
[Result "1-0"]
[WhiteTitle "I"]
[BlackTitle "II"]
[WhiteElo "1742"]
[BlackElo "1397"]

1. e4 c5 2. Nf3 Nc6 3. d4 cxd4 4. Nxd4 e5 5. Nb5 d6 6. c4 Be7 7. N1c3 a6 8. Na3
Be6 9. Be3 Bg5 10. Nc2 Bxe3 11. Nxe3 Nf6 12. Bd3 O-O 13. O-O Rc8 14. Rc1 Qb6 15.
b3 Nd4 16. h3 Qb4 17. Kh1 b5 18. f4 bxc4 19. Bxc4 Bxc4 20. Nxc4 Rxc4 21. bxc4
Qxc4 22. fxe5 dxe5 23. Nd5 Qe2 24. Nxf6+ gxf6 25. Rxf6 Qxd1+ 26. Rxd1 Ne2 27.
Rxa6 Ng3+ 28. Kh2 Nxe4 29. Re1 Nc5 30. Ra5 Nd3 31. Re3 Rd8 32. Ra3 Nb2 33. Rxe5
Nc4 34. Rg3+ Kf8 35. Rc5 Nd2 36. Rgc3 Kg7 37. Rc2 Ne4 38. R5c4 Nd2 39. Rc7 Rd6
40. a4 Ne4 41. Ra7 Nf6 42. Rcc7 1-0

[Event "Druzynowe Mistrzostwa Polski Juniorow 2018 - II Liga"]
[Site "Szczyrk"]
[Date "1899-12-30"]
[Round "4.28"]
[White "Sleczka, Krzysztof"]
[Black "Strepikowski, Pawel"]
[Result "0-1"]
[WhiteTitle "II"]
[BlackTitle "II"]
[WhiteElo "1169"]
[BlackElo "1487"]

1. e4 c5 2. Nf3 d6 3. d4 cxd4 4. Nxd4 Nf6 5. Nc3 a6 6. Bc4 e6 7. Bb3 Be7 8. Be3
Nc6 9. f3 Bd7 10. Qd2 Qc7 11. g4 Ne5 12. g5 Nh5 13. Qe2 g6 14. Rf1 Rc8 15. f4
Nc4 16. O-O-O Nxb2 17. Kxb2 Qxc3+ 18. Kb1 e5 19. fxe5 O-O 20. e6 Be8 21. exf7+
Bxf7 22. Bxf7+ Rxf7 23. Rxf7 Kxf7 24. Qf2+ Kg8 25. Rd3 Qc4 26. Bd2 Rf8 27. Qe3
Qf7 28. Rb3 Bd8 29. Bb4 Qd7 30. e5 Rf1+ 31. Kb2 dxe5 32. Qxe5 Bc7 33. Qe3 Bxh2
34. Nf3 Bf4 35. Qe2 Bc1+ 36. Kb1 Rh1 37. Rd3 Nf4 38. Rxd7 Nxe2 39. Rxb7 Ba3+ 40.
Be1 Nd4 41. Rb8+ Kf7 42. Rb7+ Ke8 43. Rb3 Nxb3 44. cxb3 Bb4 45. Kc2 Bxe1 46. Nxe1
Rxe1 0-1

[Event "Druzynowe Mistrzostwa Polski Juniorow 2018 - II Liga"]
[Site "Szczyrk"]
[Date "1899-12-30"]
[Round "4.29"]
[White "Daliga, Anita"]
[Black "Skiba, Aleksandra"]
[Result "1-0"]
[WhiteTitle "I+"]
[BlackTitle "I+"]
[WhiteElo "1605"]
[BlackElo "1659"]

1. e4 c5 2. d3 Nc6 3. g3 g6 4. Bg2 Bg7 5. Nf3 d6 6. c3 Nf6 7. Nbd2 Rb8 8. O-O O-O
9. Re1 b5 10. h4 b4 11. Nf1 bxc3 12. bxc3 Ng4 13. Bd2 Ba6 14. Qc2 Nge5 15. Nxe5
Nxe5 16. c4 Rb2 17. Qa4 Qc8 18. Qa3 Bb7 19. f4 Nc6 20. Bc3 Bxc3 21. Qxc3 Rb6 22.
Ne3 Nd4 23. Nc2 Nc6 24. Kf2 e5 25. Rh1 exf4 26. gxf4 h5 27. Bf3 Kh7 28. Rag1 Nd4
29. Nxd4 cxd4 30. Qxd4 Qc5 31. Qxc5 dxc5 32. Rb1 Rd8 33. Ke3 Bc6 34. Rxb6 axb6
35. Rb1 Rb8 36. e5 Bxf3 37. Kxf3 Kg7 38. Ke4 f5+ 39. Ke3 Kf7 40. a4 Ra8 41. Rxb6
Rxa4 42. Rb5 Ra1 43. Rxc5 Rh1 44. d4 Rh3+ 45. Kf2 Rxh4 46. Kf3 Rh3+ 47. Kg2 Rd3
48. Rc7+ Kf8 49. d5 Rd4 50. Kg3 h4+ 51. Kxh4 Rxf4+ 52. Kg5 Re4 53. e6 f4 54. Rf7+
Ke8 55. Rxf4 1-0

[Event "Druzynowe Mistrzostwa Polski Juniorow 2018 - II Liga"]
[Site "Szczyrk"]
[Date "1899-12-30"]
[Round "4.30"]
[White "Lupinska, Kinga"]
[Black "Filipiak, Magdalena"]
[Result "0-1"]
[WhiteTitle "II+"]
[BlackTitle "I"]
[WhiteElo "1102"]
[BlackElo "1231"]

1. e4 c5 2. Nf3 Nc6 3. d4 cxd4 4. Nxd4 g6 5. Nc3 Bg7 6. Be3 Nf6 7. Bc4 d6 8. h3
O-O 9. O-O Bd7 10. Qd2 Qc7 11. Rfe1 Nxe4 12. Ndb5 Nxd2 13. Nxc7 Nxc4 14. Nxa8
Rxa8 15. Rab1 Nb4 16. Re2 Nxe3 17. Rxe3 Kf8 18. Re4 Nxc2 19. Rc1 Bxc3 20. bxc3
Bf5 21. Rf4 Na3 22. Rb4 b6 23. g4 Bd7 24. c4 Rc8 25. Rc3 a5 26. Rb2 Nxc4 27. Rbc2
Be6 28. f4 b5 29. a4 b4 30. Rd3 Ke8 31. Kf2 Rc5 32. Kg3 h5 33. Rf2 Nb6 34. Rf1
Bc4 35. Rfd1 Bxd3 36. Rxd3 Rc3 37. Rf3 Rxf3+ 38. Kxf3 b3 39. Ke3 b2 40. Ke2 Qb1
41. Kf3 Qd3+ 42. Kf2 Nc4 43. Kg2 h4 44. Kh2 Qe2+ 45. Kh1 Ne3 46. Kg1 Qg2# 0-1

[Event "Druzynowe Mistrzostwa Polski Juniorow 2018 - II Liga"]
[Site "Szczyrk"]
[Date "1899-12-30"]
[Round "4.31"]
[White "Burdzicki, Jan"]
[Black "Krawczyk, Flawian"]
[Result "1/2-1/2"]
[WhiteTitle "II+"]
[BlackTitle "II"]
[WhiteElo "1613"]
[BlackElo "1425"]

1. e4 c5 2. Nf3 Nc6 3. c3 d5 4. exd5 Qxd5 5. d4 Bg4 6. Be2 e6 7. Be3 cxd4 8. Bxd4
e5 9. Be3 Qxd1+ 10. Bxd1 f5 11. Ba4 Bxf3 12. gxf3 f4 13. Bc1 O-O-O 14. Nd2 Nf6
15. Bc2 g6 16. b3 Bg7 17. Ne4 Nxe4 18. Bxe4 Kc7 19. Ba3 Rd7 20. Rd1 Rhd8 21. Rxd7+
Rxd7 22. h4 Bf6 23. h5 Rg7 24. Bf8 Rg8 25. Bh6 Ne7 26. hxg6 hxg6 27. Rg1 Rh8 28.
Bg5 Bxg5 29. Rxg5 Rh1+ 30. Kd2 Kd6 31. a4 b6 32. Bxg6 Rf1 33. Ke2 Rc1 34. Kd2
Rf1 35. Rg2 Nxg6 36. Rxg6+ Kd5 37. Rg2 Rb1 38. Kc2 Rf1 39. Rh2 Rg1 40. Rh7 Rg2
41. Rd7+ Ke6 42. Rd2 Kf5 43. Kd3 Rh2 44. Ke2 Rh3 45. c4 e4 46. Rd5+ Ke6 47. fxe4
Rxb3 48. Rb5 Ra3 49. Rb4 f3+ 50. Kd2 Ke5 51. c5 bxc5 52. Rc4 a6 53. Rxc5+ Kxe4
54. Rc4+ Kd5 55. Rf4 Ke5 1/2-1/2

[Event "Druzynowe Mistrzostwa Polski Juniorow 2018 - II Liga"]
[Site "Szczyrk"]
[Date "1899-12-30"]
[Round "4.32"]
[White "Kupiecki, Szymon"]
[Black "Kucharski, Daniel"]
[Result "1/2-1/2"]
[WhiteTitle "I"]
[BlackTitle "II"]
[WhiteElo "1644"]
[BlackElo "1532"]

1. e4 e5 2. Nf3 Nc6 3. Bb5 a6 4. Ba4 Nf6 5. d4 exd4 6. O-O Be7 7. e5 Ne4 8. Nxd4
O-O 9. Bf4 Nc5 10. Nc3 Nxa4 11. Nxa4 d6 12. exd6 Bxd6 13. Nxc6 bxc6 14. Bxd6 Qxd6
15. Qf3 Qd5 16. Qf4 Qd6 17. Qxd6 cxd6 18. Rad1 d5 19. Nb6 Rb8 20. Nxc8 Rfxc8 21.
b3 Re8 22. Rfe1 Kf8 23. Kf1 Re7 24. Re2 Ke8 25. Rde1 Rxe2 26. Kxe2 Kd7 27. Kd3
Kd6 28. Re3 g6 29. c3 f5 30. f4 a5 31. Rh3 Rb7 1/2-1/2

[Event "Druzynowe Mistrzostwa Polski Juniorow 2018 - II Liga"]
[Site "Szczyrk"]
[Date "1899-12-30"]
[Round "4.33"]
[White "Burdzicki, Stanislaw"]
[Black "Niedbala, Bartlomiej"]
[Result "0-1"]
[WhiteTitle "II+"]
[BlackTitle "I++"]
[WhiteElo "1623"]
[BlackElo "2001"]

1. d4 Nf6 2. c4 g6 3. Nc3 Bg7 4. e4 O-O 5. e5 Ne8 6. f4 d6 7. Nf3 Bg4 8. Be2 c5
9. dxc5 Nc6 10. cxd6 exd6 11. Nd5 dxe5 12. Nxe5 Nxe5 13. fxe5 Bxe2 14. Qxe2 Nc7
15. Nxc7 Qxc7 16. Bf4 Rfe8 17. O-O Bxe5 18. Qf2 Qxc4 19. Bxe5 Rxe5 20. b3 Qe6
21. Rae1 Rxe1 22. Rxe1 Qd6 23. Qf3 Qb6+ 24. Kh1 Rc8 25. Rf1 Rc7 26. Qd5 Qf2 27.
Qd1 Rd7 28. Qc1 Qd4 29. Qc8+ Kg7 30. Qc1 b5 31. Qc6 b4 32. h3 Re7 33. Qf3 f5 34.
Rd1 Qc3 35. Qf2 a5 36. Qh4 Qe3 37. Qc4 f4 38. Rf1 g5 39. Qd5 Qe5 40. Qd2 h5 41.
Qd1 Qe2 42. Qd4+ Kg6 43. Rf2 Qe3 44. Qb2 g4 45. Qb1+ Kg5 46. Qf1 Rc7 47. h4+ Kxh4
48. Rxf4 Rc1 49. g3+ Kxg3 50. Rf3+ Qxf3+ 51. Kg1 Qg2# 0-1

[Event "Druzynowe Mistrzostwa Polski Juniorow 2018 - II Liga"]
[Site "Szczyrk"]
[Date "1899-12-30"]
[Round "4.34"]
[White "Lichorad, Mateusz"]
[Black "Kaliszuk, Kamil"]
[Result "1-0"]
[WhiteTitle "I"]
[BlackTitle "II"]
[WhiteElo "1770"]
[BlackElo "1457"]

1. e4 c5 2. Nf3 e6 3. d4 cxd4 4. Nxd4 Nc6 5. Nc3 Qc7 6. Be3 a6 7. Be2 Be7 8. O-O
b5 9. f4 d6 10. Nxc6 Qxc6 11. Qd4 Qc5 12. Rad1 Bb7 13. Bf3 Rc8 14. a3 Ba8 15.
Rfe1 Qxd4 16. Bxd4 Nf6 17. Kf2 h5 18. Bxf6 Bxf6 19. Rxd6 Bxc3 20. bxc3 Rxc3 21.
Rxa6 Rxc2+ 22. Re2 Rxe2+ 23. Kxe2 Bb7 24. Rb6 Bc8 25. Kd2 Ke7 26. Rxb5 Bd7 27.
Ra5 g6 28. Ra7 Rd8 29. e5 Kf8 30. Ra8 Rxa8 31. Bxa8 f6 32. Ke3 Kf7 33. h4 Ba4
34. Kd4 Bd7 35. g3 g5 36. Be4 gxf4 37. gxf4 Kg7 38. Kc5 fxe5 39. fxe5 Ba4 40.
Kb4 Bd1 41. a4 Kf7 42. Kb5 Ke7 43. a5 Kd8 44. Kb6 Be2 45. a6 1-0

[Event "Druzynowe Mistrzostwa Polski Juniorow 2018 - II Liga"]
[Site "Szczyrk"]
[Date "1899-12-30"]
[Round "4.35"]
[White "Orlik, Sandra"]
[Black "Kulpa, Zuzanna"]
[Result "1/2-1/2"]
[WhiteTitle "I++"]
[BlackTitle "I++"]
[WhiteElo "1683"]
[BlackElo "1818"]

1. d4 Nf6 2. Nf3 e6 3. c4 b6 4. Nc3 Bb4 5. a3 Bxc3+ 6. bxc3 Bb7 7. Bg5 h6 8. Bh4
d6 9. e3 Nbd7 10. Nd2 Qe7 11. f3 e5 12. e4 g5 13. Bf2 Nh5 14. Qe2 Nf4 15. Qe3
Rf8 16. g3 Ne6 17. Bd3 Ng7 18. Qe2 f5 19. exf5 Nxf5 20. Be4 c6 21. a4 d5 22. cxd5
cxd5 23. Bd3 Rc8 24. dxe5 Qxe5 25. Bxf5 Rxf5 26. Bd4 Qxe2+ 27. Kxe2 Nc5 28. Rhe1
Kd7 29. Kf1 Ba6+ 30. Kg2 Ne6 31. Be5 Nc5 32. Bd4 Ne6 33. Be5 Nc5 34. Bd4 Ne6 35.
Be5 Nc5 36. Bd4 1/2-1/2

[Event "Druzynowe Mistrzostwa Polski Juniorow 2018 - II Liga"]
[Site "Szczyrk"]
[Date "1899-12-30"]
[Round "4.36"]
[White "Kulpa, Karolina"]
[Black "Bienek, Magdalena"]
[Result "1-0"]
[WhiteTitle "I"]
[BlackTitle "II"]
[WhiteElo "1323"]
[BlackElo "1149"]

1. d4 c5 2. d5 e5 3. c4 d6 4. e4 Be7 5. Nc3 Bg5 6. Nge2 Bxc1 7. Qxc1 Ne7 8. Qd2
a6 9. f3 Bd7 10. g4 b5 11. Ng3 b4 12. Nce2 O-O 13. h4 a5 14. h5 a4 15. O-O-O Na6
16. Nf5 Bc8 17. Neg3 Nxf5 18. Nxf5 Qf6 19. g5 Qd8 20. g6 h6 21. Nxh6+ Kh8 22.
Nxf7+ Rxf7 23. gxf7 Qf6 24. h6 g6 25. Qf8+ Qxf8 26. Qg5 Ra7 27. Qxg6 Nc7 28. Qg7+
Qxg7 29. hxg7+ Kxg7 30. Bh3 Bxh3 31. Rxh3 Ne8 32. Rg1+ Kf6 33. Rh6+ Ke7 34. Rh7+
Kd8 35. Rxa7 1-0

[Event "Druzynowe Mistrzostwa Polski Juniorow 2018 - II Liga"]
[Site "Szczyrk"]
[Date "1899-12-30"]
[Round "4.37"]
[White "Kukula, Karol"]
[Black "Kucharski, Bartlomiej"]
[Result "0-1"]
[WhiteTitle "I"]
[BlackTitle "I"]
[WhiteElo "1741"]
[BlackElo "1861"]

1. e4 e5 2. Nf3 Nf6 3. Nxe5 d6 4. Nf3 Nxe4 5. Qe2 Qe7 6. d3 Nf6 7. Bg5 Qxe2+ 8.
Bxe2 Be7 9. Nc3 c6 10. d4 Bf5 11. O-O-O h6 12. Bxf6 Bxf6 13. Bd3 Bg4 14. Ne4 Be7
15. Ned2 Nd7 16. Rde1 Nf8 17. h3 Be6 18. Ne4 Kd7 19. Ng3 g6 20. h4 Bf6 21. a3
Bg4 22. Ne4 Bg7 23. c3 Bxf3 24. gxf3 Ne6 25. Bc2 d5 26. Ng3 h5 27. Kb1 Rae8 28.
Ne2 Bh6 29. Bd3 Bf4 30. Kc2 Reg8 31. Reg1 Bd6 32. Ng3 Nf4 33. Kd2 Nxd3 34. Kxd3
Re8 35. Ne2 Re6 36. Ng3 Rf6 37. Ke2 Re8+ 38. Kf1 Rxf3 39. Kg2 Rd3 40. Rd1 Rxd1
41. Rxd1 Bxg3 42. Kxg3 Re2 43. b3 Rb2 44. b4 Ra2 45. Rd3 Rxa3 46. Kf4 Ra2 47.
f3 Re2 48. Rd1 Ke6 49. Ra1 a6 50. Rd1 Rc2 51. Rd3 Kf6 52. Re3 b6 53. Re8 Rxc3
54. Rb8 Rc4 55. Rxb6 Rxd4+ 56. Kg3 Rc4 57. Rxa6 Rxb4 58. Rxc6+ Kf5 59. Rd6 Rd4
60. Rd8 f6 61. Rd7 Rd1 62. Rd8 d4 63. Rd6 d3 64. Rd8 d2 65. Kg2 g5 66. hxg5 Kxg5
67. Rd7 h4 68. Rd4 h3+ 69. Kh2 Kf5 0-1

[Event "Druzynowe Mistrzostwa Polski Juniorow 2018 - II Liga"]
[Site "Szczyrk"]
[Date "1899-12-30"]
[Round "4.38"]
[White "Wolak, Kamil"]
[Black "Tustanowski, Mateusz"]
[Result "0-1"]
[WhiteTitle "II+"]
[BlackTitle "I++"]
[WhiteElo "1579"]
[BlackElo "2078"]

1. e4 c5 2. Nf3 d6 3. c3 Nf6 4. Bd3 Nc6 5. Bc2 Bg4 6. d3 g6 7. Be3 e5 8. Nbd2 Bg7
9. O-O O-O 10. h3 Bc8 11. Nh2 Nh5 12. f4 exf4 13. Bxf4 Nxf4 14. Rxf4 Bh6 15. Rf1
Bxh3 16. gxh3 Qg5+ 17. Kh1 Qxd2 18. Qxd2 Bxd2 19. h4 h5 20. Rf6 Rad8 21. Rd1 Kg7
22. Rdf1 Be1 23. Bb3 Rd7 24. Be6 Re7 25. Bd5 Bg3 26. Kg2 Be5 27. R6f2 f6 28. Nf3
Bf4 29. Ng5 fxg5 30. hxg5 Re5 31. Rxf4 Rxg5+ 32. Kh2 Rxf4 33. Rxf4 Ne5 34. d4
cxd4 35. cxd4 Ng4+ 36. Kh3 Nf6 37. Bxb7 Rb5 38. Bc6 Rb4 39. Rf3 Rxd4 40. Ra3 Kh6
41. Rxa7 Kg5 42. Ra3 Ng4 43. Rg3 Rd2 44. Rg2 Rd1 45. Re2 Kf4 46. Kg2 Ne3+ 47.
Kh3 g5 48. Rf2+ Ke5 49. Kg3 g4 50. Re2 Nf1+ 51. Kg2 h4 52. Rf2 Ne3+ 0-1

[Event "Druzynowe Mistrzostwa Polski Juniorow 2018 - II Liga"]
[Site "Szczyrk"]
[Date "1899-12-30"]
[Round "4.39"]
[White "Pisarek, Elzbieta"]
[Black "Mirowska, Oliwia"]
[Result "1/2-1/2"]
[WhiteTitle "I"]
[BlackTitle "I++"]
[WhiteElo "1498"]
[BlackElo "1429"]

1. e4 c5 2. Nf3 g6 3. d4 cxd4 4. Nxd4 Bg7 5. c4 Nc6 6. Nxc6 bxc6 7. Be2 Qc7 8.
O-O Nf6 9. Nc3 O-O 10. f4 d6 11. Qd3 Bb7 12. Be3 Rfd8 13. Bf3 Ba6 14. Rfd1 Rab8
15. Qe2 Rb4 16. Qf2 Rb7 17. c5 Rdb8 18. Rd2 Ne8 19. Rc1 Qa5 20. f5 Qc7 21. Bf4
Qa5 22. Be3 Qc7 23. fxg6 fxg6 24. Bg4 Nf6 25. Be6+ Kh8 26. cxd6 exd6 27. Nd5 Qd8
28. Nxf6 Qxf6 29. Qxf6 Bxf6 30. b3 d5 31. exd5 cxd5 32. Bxd5 Re7 33. Bd4 Bxd4+
34. Rxd4 Rd8 35. Re4 Red7 36. Bc4 Bb7 37. Ree1 Rd2 38. Bf1 1/2-1/2

[Event "Druzynowe Mistrzostwa Polski Juniorow 2018 - II Liga"]
[Site "Szczyrk"]
[Date "1899-12-30"]
[Round "4.40"]
[White "Bartuzi, Krzysztof"]
[Black "Pisarek, Jan"]
[Result "0-1"]
[WhiteTitle "II"]
[BlackTitle "II"]
[WhiteElo "1200"]
[BlackElo "1339"]

1. e4 c5 2. Nf3 d6 3. d4 cxd4 4. Nxd4 Nf6 5. Nc3 g6 6. Bc4 Bg7 7. f3 Nc6 8. Nxc6
bxc6 9. Be3 O-O 10. Qd2 c5 11. O-O-O Bd7 12. e5 Ne8 13. exd6 Nxd6 14. Bxc5 Nxc4
15. Qxd7 Qb8 16. b3 Bxc3 17. Qd3 Qf4+ 18. Kb1 Nd2+ 19. Rxd2 Qxd2 20. Qxd2 Bxd2
21. c4 Rfe8 22. Rd1 Ba5 23. Rd7 Bb6 24. Bxe7 Rac8 25. Bf6 Re2 26. Rd5 Rxg2 27.
h4 Re8 28. Bc3 Ree2 29. Rd1 Rg1 30. Rxg1 Bxg1 31. b4 Kf8 32. c5 Ke7 33. c6 Kd6
34. b5 Bb6 35. f4 Re4 36. Be5+ Rxe5 37. fxe5+ Kxe5 38. Kb2 f5 39. Kb3 f4 40. a4
f3 41. Kb4 f2 42. a5 Qf1 43. axb6 axb6 44. Ka4 Kd4 45. c7 Qc4+ 46. Ka3 Qxc7 47.
h5 Kc3 48. h6 Qa7# 0-1

[Event "Druzynowe Mistrzostwa Polski Juniorow 2018 - II Liga"]
[Site "Szczyrk"]
[Date "1899-12-30"]
[Round "4.41"]
[White "Wojcik, Jagoda"]
[Black "Pedrak, Paulina"]
[Result "1-0"]
[WhiteTitle "I++"]
[BlackTitle "I"]
[WhiteElo "1599"]
[BlackElo "1405"]

1. e4 c5 2. Nf3 e6 3. d4 cxd4 4. Nxd4 a6 5. Bd3 Qc7 6. O-O Nf6 7. Qe2 d6 8. c4
Nc6 9. Nxc6 bxc6 10. b3 Be7 11. Bb2 e5 12. Nd2 Bg4 13. Qe3 Nh5 14. h3 Be6 15.
Rad1 Nf4 16. Bc2 Bg5 17. Qe1 Nxh3+ 18. Kh1 Nf4 19. Nf3 Be7 20. c5 h5 21. Rd2 Rh6
22. Bc3 Bg4 23. cxd6 Bxd6 24. Nh4 Qe7 25. g3 Nh3 26. Nf5 Bxf5 27. exf5 h4 28.
g4 Ng5 29. f4 Nh3 30. Rf3 Nxf4 31. Rxf4 exf4 32. Re2 Qxe2 33. Qxe2+ Kf8 34. Qd2
c5 35. g5 1-0

[Event "Druzynowe Mistrzostwa Polski Juniorow 2018 - II Liga"]
[Site "Szczyrk"]
[Date "1899-12-30"]
[Round "4.42"]
[White "Hals, Emilia"]
[Black "Bialek, Alicja"]
[Result "0-1"]
[WhiteTitle "I"]
[BlackTitle "I"]
[WhiteElo "1243"]
[BlackElo "1308"]

1. e4 c5 2. Nf3 d6 3. c3 Nf6 4. Bd3 Nc6 5. Bc2 g6 6. d4 cxd4 7. cxd4 Bg4 8. Be3
Bg7 9. h3 Bxf3 10. Qxf3 O-O 11. Nd2 Qb6 12. Nb3 Nb4 13. Bb1 Qa6 14. Qe2 Qxe2+
15. Kxe2 Rac8 16. Kd2 b6 17. a3 Nc6 18. Bd3 Nb8 19. Rac1 Nbd7 20. f3 e6 21. Ba6
Ra8 22. Rc7 Rfd8 23. Rhc1 d5 24. e5 Ne8 25. Rb7 f6 26. f4 Bh6 27. Bb5 fxe5 28.
Bxd7 exf4 29. Bxe6+ Kh8 30. Bf2 Nd6 31. Re7 f3+ 32. Be3 Nc4+ 33. Kd3 Bxe3 34.
Rf1 Bg5 35. Rc7 Bf4 36. Re7 fxg2 37. Rg1 Ne3 38. Ke2 Bh2 39. Kf2 Bxg1+ 40. Kxg1
Rf8 41. Bf7 Nf5 42. Rc7 Nh4 43. Nd2 Rac8 44. Rxc8 Rxc8 45. Nf3 Nxf3+ 46. Kxg2
Nxd4 47. Bxd5 Rc2+ 48. Kg3 Rxb2 49. a4 Nf5+ 50. Kg4 Ne3+ 0-1

[Event "Druzynowe Mistrzostwa Polski Juniorow 2018 - II Liga"]
[Site "Szczyrk"]
[Date "1899-12-30"]
[Round "4.43"]
[White "Krzywnicka, Maria"]
[Black "Pniaczek, Marek"]
[Result "1/2-1/2"]
[WhiteTitle "I++"]
[BlackTitle "CM"]
[WhiteElo "1845"]
[BlackElo "2082"]

1. e4 e5 2. Nf3 Nc6 3. Bb5 a6 4. Ba4 g6 5. O-O Bg7 6. c3 Nge7 7. d4 exd4 8. Nxd4
b5 9. Bc2 O-O 10. Be3 d6 11. Nd2 Ne5 12. h3 c5 13. Ne2 f5 14. f4 N5c6 15. a4 Bb7
16. Ng3 Qd7 17. Nf3 Rad8 18. axb5 axb5 19. exf5 Nxf5 20. Nxf5 gxf5 21. Nh4 Ne7
22. Re1 Qc6 23. Kh2 d5 24. Bf2 Qd6 25. Ra7 Rd7 26. Qe2 Nc6 27. Raa1 Rdf7 28. Qxb5
Qxf4+ 29. Bg3 Qg5 30. Nf3 Qh5 31. Qxc5 f4 32. Bf2 Ne5 33. Nxe5 Bxe5 34. Bd3 Qg5
35. Rg1 h5 36. Qb6 Rg7 37. Qe6+ 1/2-1/2